000
00344nam a2200145Ia 4500
008
150201s2004 xx 000 0 und d
082
_a
617.6342
_b
E2004S
100
_a
STOCK,C.
245
_a
ENDODONTICS
250
_a
1ST
260
_b
MOSBY
_a
DELHI
_c
2004
300
_a
1-324
650
_a
PREVENTIVE AND COMMUNITY DENTISTRY
942
_2
ddc
_c
BK
999
_c
3471
_d
3471